Call of Duty Zombies Map Translations - Statistics

General Stats
  • This quiz has been taken 218 times
  • The average score is 4 of 8
Answer Stats
Hint Answer % Correct
Der Riese (German) The Giant
81%
Verrukt (German) Crazy
70%
Nacht Der Untoten (German) Night of the Living Dead
58%
Kino Der Toten (German) Cinema of the Dead
49%
Der Eisendrache (German) The Iron Dragon
47%
Gorod Krovi (Russian) City of Blood
36%
Zetsubou No Shima (Japanese) Island of Despair
28%
Shi No Numa (Japanese) Sunflower
28%
No matching quizzes found
Score Distribution
Percent of People with Each Score
Percentile by Number Answered
Your Score History
You have not taken this quiz